[Event "African Individual Championship"]
[Site "?"]
[Date "2005.11.12"]
[Round "8"]
[White "Elgabry, M (EGY)."]
[Black "Mandizha, F (ZIM)."]
[Result "0-1"]
[WhiteElo "2333"]
[BlackElo "2242"]
[PlyCount "96"]
[EventDate "2005.11.04"]
[SourceDate "2005.11.05"]

1. Nf3 Nf6 2. g3 b6 3. Bg2 Bb7 4. O-O e6 5. d4 c5 6. c3 Be7 7. Nbd2 O-O 8. Re1
Ne4 9. Nxe4 Bxe4 10. Bf4 d5 11. Nd2 Bxg2 12. Kxg2 Nc6 13. Nf3 g5 14. Be3 f5 15.
Qc1 g4 16. Ne5 Nxe5 17. dxe5 Rc8 18. Bf4 Rf7 19. Qd2 Rg7 20. Rh1 h5 21. h3 h4
22. hxg4 Rxg4 23. Rh3 Qd7 24. Rah1 Kf7 25. f3 Rg7 26. Kf1 hxg3 27. Kg2 Rcg8 28.
Rh5 Ke8 29. b3 Kd8 30. Qd3 Kc8 31. Rh6 Kb7 32. a4 Rc8 33. Rh7 Bg5 34. Rxg7 Qxg7
35. Bxg5 Qxg5 36. c4 d4 37. Rh3 Qf4 38. Rxg3 Qxe5 39. Qd2 f4 40. Rg4 Rh8 41.
Qd3 Qe3 42. Qc2 Ka6 43. Rg7 Qe5 44. Rg4 d3 45. Qxd3 Qa1 46. Rxf4 Rh1 47. Qe3
Qf1+ 48. Kg3 Qh3+ 0-1

[Event "African Individual Championship"]
[Site "?"]
[Date "2005.11.13"]
[Round "8"]
[White "Adly, A (EGY)."]
[Black "Aderito, P (ANG)."]
[Result "1-0"]
[WhiteElo "2480"]
[BlackElo "2288"]
[PlyCount "93"]
[EventDate "2005.11.04"]
[SourceDate "2005.11.05"]

1. Nf3 Nf6 2. b3 d6 3. d4 Bg4 4. Bb2 Nbd7 5. Nbd2 c6 6. h3 Bh5 7. g4 Bg6 8. Bg2
e6 9. a3 Be7 10. Nh4 Nd5 11. Nxg6 hxg6 12. e3 Nc7 13. Qe2 d5 14. c4 Nf8 15. f4
f5 16. b4 Nd7 17. g5 b5 18. cxb5 cxb5 19. h4 Nb6 20. h5 Kd7 21. Kf2 gxh5 22.
Rxh5 Rxh5 23. Qxh5 Qh8 24. Qf3 a5 25. bxa5 Rxa5 26. Nb3 Ra4 27. Nc5+ Bxc5 28.
dxc5 Nc4 29. Rh1 Qf8 30. Bd4 Rxa3 31. Rh7 Kc6 32. Qh5 Qe8 33. Qxe8+ Nxe8 34.
Rh8 Ra8 35. Bf3 g6 36. Rg8 b4 37. Bd1 Nc7 38. Rxa8 Nxa8 39. Ba4+ Kb7 40. Be8 b3
41. Bxg6 b2 42. Bxb2 Nxb2 43. Bf7 Nd3+ 44. Kg3 Nxc5 45. g6 Ne4+ 46. Kh4 Nc7 47.
g7 1-0

[Event "African Individual Championship"]
[Site "?"]
[Date "2005.11.13"]
[Round "8"]
[White "Lungu, N (ZAM)."]
[Black "Kobese, AKW (RSA)."]
[Result "1/2-1/2"]
[WhiteElo "2265"]
[BlackElo "2400"]
[PlyCount "101"]
[EventDate "2005.11.04"]
[SourceDate "2005.11.05"]

1. e4 c5 2. Nf3 d6 3. d4 cxd4 4. Nxd4 Nf6 5. Nc3 a6 6. Be3 e6 7. f4 b5 8. Bd3
Bb7 9. Qf3 Nbd7 10. g4 b4 11. Nce2 e5 12. Nb3 d5 13. Ng3 Qc7 14. g5 dxe4 15.
Nxe4 Nd5 16. O-O-O Be7 17. Rhe1 Rc8 18. Qe2 Nxe3 19. Qxe3 exf4 20. Qh3 Ne5 21.
Nec5 Nxd3+ 22. Rxd3 O-O 23. Rd7 Bxc5 24. Rxc7 Rxc7 25. Nxc5 Rxc5 26. Qd7 Bc8
27. Qd6 Rf5 28. Rf1 f3 29. Qd3 g6 30. Rxf3 Rxg5 31. Qd4 Be6 32. Rg3 Rb5 33. a4
Rf5 34. b3 a5 35. c4 bxc3 36. Rxc3 Rd5 37. Qb6 Rfd8 38. Kb2 Kg7 39. Ka3 R8d7
40. h4 h5 41. Re3 R7d6 42. Qc7 Rd7 43. Qb6 R7d6 44. Qc7 Kf6 45. Qc3+ Ke7 46.
Qc7+ Rd7 47. Qb6 R7d6 48. Qc7+ Kf6 49. Qc3+ Ke7 50. Qc7+ Rd7 51. Qb6 1/2-1/2

[Event "African Individual Championship"]
[Site "?"]
[Date "2005.11.13"]
[Round "8"]
[White "Mbambara, T (ZAM)."]
[Black "Njobvu, I (BOT)."]
[Result "0-1"]
[WhiteElo "2090"]
[BlackElo "2220"]
[PlyCount "120"]
[EventDate "2005.11.04"]
[SourceDate "2005.11.05"]

1. Nf3 d5 2. d4 Nf6 3. c4 dxc4 4. Nc3 a6 5. a4 e6 6. e3 c5 7. Bxc4 Nc6 8. O-O
Be7 9. Bd3 O-O 10. h3 b6 11. b3 Bb7 12. dxc5 Bxc5 13. Qe2 Nb4 14. Bb1 Qc7 15.
Bb2 Rfd8 16. Ng5 h6 17. Nge4 Be7 18. Rc1 Qd7 19. Rd1 Qe8 20. Ng3 Rxd1+ 21. Qxd1
Rd8 22. Qe2 Qd7 23. Be4 Nxe4 24. Ncxe4 f5 25. Nc3 Qc6 26. e4 Nd3 27. Rd1 Nxb2
28. Rxd8+ Bxd8 29. Qxb2 Bf6 30. Nge2 fxe4 31. Qc1 Qc5 32. Qe3 Qxe3 33. fxe3 Kf7
34. Kf2 Ke7 35. Ke1 Bd5 36. b4 Kd6 37. Kd2 Bc6 38. Ng3 Bxc3+ 39. Kxc3 Bxa4 40.
Nxe4+ Ke5 41. Nd2 Bb5 42. Nf3+ Ke4 43. Nd4 Kxe3 44. Nxe6 g5 45. Nd4 Bf1 46. g4
Bxh3 47. Nf5+ Kf4 48. Nxh6 Bxg4 49. Kc4 Be6+ 50. Kd4 g4 51. Nxg4 Bxg4 52. Kd5
Bf3+ 53. Kd4 Bc6 54. Kd3 Ke5 55. Kc4 Bb5+ 56. Kc3 Ke4 57. Kc2 Kd4 58. Kb3 Bd3
59. Ka4 Kc3 60. b5 axb5+ 0-1

[Event "African Individual Championship"]
[Site "?"]
[Date "2005.11.13"]
[Round "8"]
[White "Bouah, L (RSA)."]
[Black "Simutowe, A (ZAM)."]
[Result "1/2-1/2"]
[WhiteElo "2134"]
[BlackElo "2458"]
[PlyCount "208"]
[EventDate "2005.11.04"]
[SourceDate "2005.11.05"]

1. e4 c5 2. Nf3 d6 3. d4 cxd4 4. Nxd4 Nf6 5. Nc3 a6 6. Bg5 Nbd7 7. f4 Qb6 8.
Nb3 h6 9. Bxf6 Nxf6 10. Qf3 g5 11. g3 gxf4 12. gxf4 Bg4 13. Qd3 h5 14. h3 Bd7
15. Be2 O-O-O 16. O-O-O Bh6 17. Rhf1 e5 18. Kb1 Bxf4 19. Qc4+ Kb8 20. Qxf7 Rhf8
21. Qc4 Bxh3 22. Rh1 Bd7 23. Rdg1 h4 24. Rg6 h3 25. Rxf6 h2 26. Rg6 d5 27. Rxb6
dxc4 28. Bxc4 Rg8 29. Bxg8 Rxg8 30. Rd6 Bh3 31. Rdd1 Bg2 32. Rxh2 Bxh2 33. a3
Bh3 34. Nc5 Bc8 35. Nd3 Kc7 36. Rh1 Rg2 37. Ne1 Rf2 38. Nd1 Re2 39. Nc3 Rf2 40.
Nd3 Rg2 41. Rf1 Be6 42. b3 Bg1 43. Ne1 Rg7 44. Nf3 Bc5 45. b4 Ba7 46. Ne1 Bc4
47. Nd3 Rg2 48. Rd1 Bd4 49. Na4 Re2 50. Nab2 Bb5 51. c3 Ba7 52. Nxe5 Rxe4 53.
Ned3 Bc6 54. Kc2 Re8 55. Re1 Rh8 56. Kb3 b5 57. Re7+ Kb8 58. Nc5 Bd5+ 59. Kc2
Rh2+ 60. Kc1 Rh1+ 61. Kd2 Bxc5 62. bxc5 Ra1 63. Nd3 a5 64. Nf4 Bc4 65. c6 Rxa3
66. Rb7+ Kc8 67. Ng6 Ra2+ 68. Ke3 Be6 69. Ne7+ Kd8 70. c7+ Ke8 71. c8=Q+ Bxc8
72. Nxc8 b4 73. cxb4 axb4 74. Nd6+ Kf8 75. Ke4 Rf2 76. Ke5 Re2+ 77. Kf6 Rf2+
78. Nf5 Ke8 79. Ke6 Re2+ 80. Kf6 Rf2 81. Rxb4 Kd7 82. Rb6 Rf1 83. Ke5 Re1+ 84.
Kd5 Rd1+ 85. Nd4 Ke7 86. Ra6 Kf7 87. Ke4 Re1+ 88. Kf4 Rf1+ 89. Nf3 Ke7 90. Ke4
Kf7 91. Ng5+ Ke7 92. Ke5 Re1+ 93. Ne4 Kf7 94. Kf5 Rf1+ 95. Ke5 Re1 96. Ra7+ Kg6
97. Kf4 Rf1+ 98. Kg4 Rg1+ 99. Ng3 Kf6 100. Kf4 Ke6 101. Ra6+ Kd5 102. Ra5+ Kc6
103. Ne4 Rf1+ 104. Ke5 Re1 1/2-1/2

[Event "African Individual Championship"]
[Site "?"]
[Date "2005.11.13"]
[Round "8"]
[White "Domingos, C (ANG)."]
[Black "El Taher, F (EGY)."]
[Result "0-1"]
[WhiteElo "2240"]
[BlackElo "2482"]
[PlyCount "120"]
[EventDate "2005.11.04"]
[SourceDate "2005.11.05"]

1. e4 e5 2. Nf3 Nc6 3. Bb5 a6 4. Ba4 Nf6 5. O-O Be7 6. Re1 b5 7. Bb3 d6 8. c3
O-O 9. h3 Na5 10. Bc2 c5 11. d4 Qc7 12. Nbd2 cxd4 13. cxd4 Nc6 14. Nb3 a5 15.
Be3 a4 16. Nbd2 Bd7 17. Rc1 Qb7 18. Nf1 Rfe8 19. Ng3 h6 20. d5 Nb4 21. Bb1 Na6
22. Nh2 Rac8 23. Qf3 Rxc1 24. Rxc1 Rc8 25. Qd1 Nh7 26. Nf3 Bd8 27. Rxc8 Qxc8
28. Qc1 Qb8 29. Qd2 Bb6 30. Bxb6 Qxb6 31. a3 b4 32. axb4 Nxb4 33. Ne2 Nf6 34.
Nc3 Na6 35. Qc1 Nh5 36. Bd3 Nc5 37. Bf1 Nf4 38. Qc2 Kf8 39. Nd2 Ke7 40. Nc4 Qb4
41. Nd2 Qd4 42. Nf3 Qb4 43. Nd2 g6 44. h4 Nh5 45. Be2 Nf6 46. Bf3 Ng4 47. Be2
h5 48. Nc4 Nb3 49. Bf1 Qc5 50. Qe2 Qd4 51. g3 Qc5 52. Kg2 f5 53. f3 Nf6 54. Qf2
Nd4 55. Qd2 fxe4 56. fxe4 Bg4 57. Nxa4 Bf3+ 58. Kf2 Nxe4+ 59. Ke3 Nxd2 60. Nxc5
Nxf1+ 0-1

[Event "African Individual Championship"]
[Site "?"]
[Date "2005.11.13"]
[Round "8"]
[White "Sousa, S (ANG)."]
[Black "Jere, D (ZAM)."]
[Result "0-1"]
[WhiteElo "2214"]
[BlackElo "2195"]
[Annotator "vd,Gunther"]
[PlyCount "135"]
[EventDate "2005.11.04"]
[SourceDate "2005.11.05"]

1. e4 e6 2. d4 d5 3. exd5 exd5 4. Bd3 Bd6 5. Ne2 Qh4 6. Nbc3 c6 7. g3 Qf6 8.
Be3 Qf3 9. Kd2 Nf6 10. h3 O-O 11. Nf4 Qxd1+ 12. Raxd1 b5 13. f3 Nbd7 14. g4 Nb6
15. b3 a5 16. a4 bxa4 17. Nxa4 Nxa4 18. bxa4 Nd7 19. Rb1 Bc7 20. Ne2 Re8 21.
Rhe1 Nb6 22. Nc3 Ba6 23. Bxa6 Rxa6 24. Kd3 Raa8 25. Bd2 Rxe1 26. Rxe1 Bd6 27.
Rb1 Ra6 28. Ra1 Kf8 29. Nd1 Ke7 30. Ne3 Kd7 31. c4 Bf4 32. cxd5 cxd5 33. Nf1
Bxd2 34. Nxd2 Ra8 35. Nb3 Kd6 36. Nc5 Nc4 37. Re1 Rb8 38. f4 Rb2 39. Re8 Rd2+
40. Kc3 Rh2 41. Rd8+ Kc6 42. Rc8+ Kb6 43. Rb8+ Kc7 44. Rb7+ Kc6 45. Rxf7 Rxh3+
46. Nd3 g6 47. f5 gxf5 48. Rxf5 Nb6 49. Rf6+ Kc7 50. Rf7+ Kd8 51. Kc2 Nxa4 52.
Nf4 Rh2+ 53. Kb3 Nb6 54. Rb7 Nc4 55. Kc3 Nd6 56. Rg7 Nb5+ 57. Kd3 Nc7 58. Kc3
a4 59. Kb4 Rd2 60. Kc3 Rf2 61. Nd3 Rf3 62. Rxh7 Nb5+ 63. Kd2 Nxd4 64. Ra7 Rg3
65. Rxa4 Rxg4 66. Ra7 Nc6 67. Rh7 d4 68. Nc5 {Notation unclear} 0-1

[Event "African Individual Championship"]
[Site "?"]
[Date "2005.11.13"]
[Round "8"]
[White "Andrade, I (MOZ)."]
[Black "van den Heever, DO (RSA)."]
[Result "0-1"]
[WhiteElo "2111"]
[BlackElo "2132"]
[PlyCount "112"]
[EventDate "2005.11.04"]
[SourceDate "2005.11.05"]

1. e4 c5 2. Nf3 d6 3. d4 cxd4 4. Nxd4 Nf6 5. Nc3 Nc6 6. Be2 e5 7. Nb3 Be7 8.
O-O O-O 9. Kh1 a5 10. a4 Be6 11. Be3 Nb4 12. f4 Qc7 13. Nd2 exf4 14. Bxf4 Rac8
15. Nb3 Qb6 16. Nd4 Na6 17. Rb1 Nc5 18. Bf3 Qb4 19. Nd5 Nxd5 20. exd5 Bd7 21.
c3 Qb6 22. b3 Bf6 23. Qd2 Rfe8 24. Bg5 Bxg5 25. Qxg5 Re5 26. Qf4 f6 27. h3 Rce8
28. Qd2 Qd8 29. Rbe1 Qe7 30. Rb1 f5 31. Nc2 Qh4 32. Qf2 Qg5 33. Na3 Re3 34. Nc4
Rxc3 35. Nxd6 Rf8 36. Qd4 Qf6 37. Qxf6 Rxf6 38. Rbc1 Rxc1 39. Rxc1 Nxb3 40. Rc3
Rxd6 41. Rxb3 b6 42. Ra3 Kf7 43. Kg1 Kf6 44. Kf2 Ke5 45. Ke3 g5 46. g4 Rh6 47.
gxf5 Rxh3 48. Kf2 g4 49. Re3+ Kxf5 50. Be4+ Kf4 51. Rxh3 gxh3 52. Bxh7 Bxa4 53.
Bg8 Ke5 54. Be6 h2 55. Kg2 Bb3 56. Kxh2 Bxd5 0-1

[Event "African Individual Championship"]
[Site "?"]
[Date "2005.11.13"]
[Round "8"]
[White "Rizouk, A (ALG)."]
[Black "Ismail, H (EGY)."]
[Result "1-0"]
[WhiteElo "2499"]
[BlackElo "2353"]
[PlyCount "63"]
[EventDate "2005.11.04"]
[SourceDate "2005.11.05"]

1. e4 c6 2. d4 d5 3. Nc3 dxe4 4. Nxe4 Nd7 5. Bc4 Ngf6 6. Ng5 e6 7. Qe2 Nb6 8.
Bd3 h6 9. N5f3 c5 10. Be3 Qc7 11. Ne5 Bd6 12. Ngf3 Bd7 13. c4 cxd4 14. Bxd4 Rf8
15. O-O Bc5 16. Qe3 Bxd4 17. Nxd4 O-O-O 18. b4 Be8 19. Rfc1 Nbd7 20. Ndf3 Nxe5
21. Nxe5 Kb8 22. b5 Nd7 23. Nxd7+ Bxd7 24. c5 Bc8 25. Rab1 b6 26. Be4 f5 27.
Bf3 g5 28. Qe1 bxc5 29. b6 a5 30. Qxa5 Rd5 31. Bxd5 exd5 32. Rxc5 1-0

[Event "African Individual Championship"]
[Site "?"]
[Date "2005.11.13"]
[Round "8"]
[White "Masango, S (ZIM)."]
[Black "Meyer, M (RSA)."]
[Result "1-0"]
[WhiteElo "2140"]
[BlackElo "2161"]
[PlyCount "97"]
[EventDate "2005.11.04"]
[SourceDate "2005.11.05"]

1. d4 Nf6 2. Nf3 g6 3. Bf4 Bg7 4. h3 d6 5. e3 O-O 6. Be2 Nbd7 7. O-O c5 8. Nbd2
b6 9. a4 Bb7 10. a5 cxd4 11. exd4 bxa5 12. Nc4 a4 13. Rxa4 Nb6 14. Ra3 Bxf3 15.
Rxf3 Nxc4 16. Bxc4 d5 17. Be2 Ne4 18. Rb3 e6 19. c3 Nd6 20. Qa1 Re8 21. Bf3 Nc4
22. Rd1 Qc8 23. Rb4 Bf8 24. Ra4 Re7 25. b3 Nb6 26. Ra6 Qb7 27. c4 Rae8 28. Bd6
Nc8 29. Bxe7 Rxe7 30. c5 Bg7 31. Qa2 Qc7 32. Qa5 Qd7 33. b4 e5 34. dxe5 Rxe5
35. Qa2 d4 36. Bg4 Qe8 37. Bxc8 Qxc8 38. Rxa7 Qf5 39. Ra8+ Bf8 40. Qc4 d3 41.
c6 Re2 42. Qc5 Qxc5 43. bxc5 d2 44. Rxd2 Rxd2 45. Rxf8+ Kxf8 46. c7 Re2 47.
c8=Q+ Re8 48. Qb7 Re7 49. c6 1-0

[Event "African Individual Championship"]
[Site "?"]
[Date "2005.11.14"]
[Round "9"]
[White "Belkhodja, S (TUN)."]
[Black "Rizouk, A (ALG)."]
[Result "1/2-1/2"]
[WhiteElo "2490"]
[BlackElo "2499"]
[PlyCount "41"]
[EventDate "2005.11.04"]
[SourceDate "2005.11.05"]

1. e4 Nc6 2. Nf3 e5 3. Bc4 Nf6 4. Nc3 Bc5 5. d3 d6 6. Bg5 h6 7. Bxf6 Qxf6 8.
Nd5 Qd8 9. a3 a6 10. d4 Ba7 11. dxe5 Nxe5 12. Nxe5 dxe5 13. Qh5 O-O 14. Qxe5
Re8 15. Qf4 Qd6 16. Qxd6 Rxe4+ 17. Ne3 cxd6 18. Bd5 Re7 19. O-O-O Bxe3+ 20.
fxe3 Be6 21. Rd4 1/2-1/2

[Event "African Individual Championship"]
[Site "?"]
[Date "2005.11.14"]
[Round "9"]
[White "Aderito, P (ANG)."]
[Black "Elgabry, M (EGY)."]
[Result "1-0"]
[WhiteElo "2288"]
[BlackElo "2333"]
[PlyCount "76"]
[EventDate "2005.11.04"]
[SourceDate "2005.11.05"]

1. d4 Nf6 2. c4 e6 3. Nc3 c5 4. d5 exd5 5. cxd5 Bd6 6. Nf3 O-O 7. Nd2 a6 8. a4
Bc7 9. e4 d6 10. Bd3 Re8 11. O-O Nbd7 12. f4 Rb8 13. Qf3 Nf8 14. h3 Bd7 15. g4
Kh8 16. a5 Bxa5 17. Rxa5 Qxa5 18. Nc4 Qc7 19. e5 dxe5 20. fxe5 b5 21. exf6 g5
22. Nd2 c4 23. Bc2 Qb6+ 24. Qf2 Qxf2+ 25. Kxf2 h6 26. Nce4 Re5 27. Nc3 Rb6 28.
Nf3 Re8 29. Be3 Rxe3 30. Kxe3 Rxf6 31. Ne4 Rb6 32. Ne5 f5 33. gxf5 Be8 34. Kd4
a5 35. Kc5 Ra6 36. Nd6 Bh5 37. f6 b4 38. Ndxc4 Kg8 1-0

[Event "African Individual Championship"]
[Site "?"]
[Date "2005.11.14"]
[Round "9"]
[White "Frhat, A (EGY)."]
[Black "Bouah, L (RSA)."]
[Result "1-0"]
[WhiteElo "2306"]
[BlackElo "2134"]
[PlyCount "63"]
[EventDate "2005.11.04"]
[SourceDate "2005.11.05"]

1. e4 c5 2. Nf3 e6 3. d4 cxd4 4. Nxd4 a6 5. Bd3 Qc7 6. Nc3 Nf6 7. O-O g6 8. Kh1
Bg7 9. f4 d6 10. Be3 O-O 11. a4 b6 12. Qe1 Bb7 13. Qh4 Nbd7 14. Rae1 Nc5 15. f5
exf5 16. exf5 Rae8 17. Bg5 Rxe1 18. Rxe1 Re8 19. Rxe8+ Nxe8 20. f6 Bh8 21. Nf5
gxf5 22. Bxf5 Nxf6 23. Bxf6 Bxf6 24. Qxf6 Qc6 25. Qg5+ Kh8 26. h3 Qe8 27. Qf6+
Kg8 28. Qxd6 Qe3 29. Kh2 Ne4 30. Bxe4 Bxe4 31. Qb8+ Kg7 32. Qe5+ 1-0

[Event "African Individual Championship"]
[Site "?"]
[Date "2005.11.14"]
[Round "9"]
[White "Kobese, AKW (RSA)."]
[Black "El Gindy, E (EGY)."]
[Result "1-0"]
[WhiteElo "2400"]
[BlackElo "2524"]
[PlyCount "59"]
[EventDate "2005.11.04"]
[SourceDate "2005.11.05"]

1. e4 c5 2. Nf3 d6 3. d4 cxd4 4. Nxd4 Nf6 5. Nc3 Nc6 6. Bc4 e6 7. Be3 d5 8.
exd5 exd5 9. Qe2 Be7 10. O-O-O O-O 11. Nf3 Be6 12. Ng5 Qa5 13. Nxe6 fxe6 14.
Bb3 Bb4 15. Nb5 a6 16. Nd4 Rae8 17. g4 Nxd4 18. Bxd4 Ne4 19. c3 Bc5 20. f3 Bxd4
21. fxe4 Rf2 22. Qe1 Bb6 23. exd5 Kh8 24. Rf1 Rxf1 25. Qxf1 exd5 26. Qf7 Qb5
27. Rf1 h6 28. Bc2 Bc5 29. c4 Qc6 30. cxd5 1-0

[Event "African Individual Championship"]
[Site "?"]
[Date "2005.11.14"]
[Round "9"]
[White "El Taher, F (EGY)."]
[Black "Lungu, N (ZAM)."]
[Result "1-0"]
[WhiteElo "2482"]
[BlackElo "2265"]
[PlyCount "57"]
[EventDate "2005.11.04"]
[SourceDate "2005.11.05"]

1. e4 c5 2. Nf3 e6 3. d4 cxd4 4. Nxd4 a6 5. Bd3 Nf6 6. O-O Nc6 7. Nxc6 dxc6 8.
e5 Nd7 9. Qe2 Nc5 10. Rd1 Qc7 11. Bf4 b5 12. c4 Be7 13. Bc2 b4 14. Nd2 Bb7 15.
a3 a5 16. axb4 axb4 17. Rxa8+ Bxa8 18. Ne4 O-O 19. Nd6 Nd7 20. h4 c5 21. Qg4
Bxd6 22. Rxd6 Kh8 23. Qh5 g6 24. Qd1 Bc6 25. Qd2 Kg8 26. f3 f6 27. Be4 Ba4 28.
b3 fxe5 29. Bh6 1-0

[Event "African Individual Championship"]
[Site "?"]
[Date "2005.11.14"]
[Round "9"]
[White "Alberto, M (ANG)."]
[Black "Sousa, S (ANG)."]
[Result "0-1"]
[WhiteElo "2123"]
[BlackElo "2214"]
[PlyCount "86"]
[EventDate "2005.11.04"]
[SourceDate "2005.11.05"]

1. Nf3 Nf6 2. c4 g6 3. Nc3 Bg7 4. e4 d6 5. d4 O-O 6. Be2 e5 7. O-O Nc6 8. d5
Ne7 9. Ne1 Nd7 10. Nd3 f5 11. Bd2 Nf6 12. f3 f4 13. Rc1 h5 14. c5 g5 15. cxd6
cxd6 16. Nb5 Ne8 17. h3 Ng6 18. a4 Bd7 19. Nf2 Rf7 20. Rc3 a6 21. Na3 Bf8 22.
a5 b5 23. axb6 Qxb6 24. Nc4 Qd8 25. b4 Rc8 26. Qa1 Bb5 27. Rfc1 Nf6 28. Bf1 g4
29. fxg4 hxg4 30. hxg4 Rg7 31. Rh3 Nh8 32. Qa5 Qe7 33. Qb6 Nxg4 34. Rcc3 Nxf2
35. Qxf2 Nf7 36. Na5 Rxc3 37. Rxc3 Ng5 38. Nc6 Qf6 39. Qe1 Qg6 40. Nd8 Nxe4 41.
Ne6 Bxf1 42. Qxf1 Nxd2 43. Qe2 Qb1+ 0-1

[Event "African Individual Championship"]
[Site "?"]
[Date "2005.11.14"]
[Round "9"]
[White "Meyer, M (RSA)."]
[Black "Andrade, I (MOZ)."]
[Result "0-1"]
[WhiteElo "2161"]
[BlackElo "2111"]
[PlyCount "88"]
[EventDate "2005.11.04"]
[SourceDate "2005.11.05"]

1. e4 c5 2. Nc3 Nc6 3. Bb5 Nf6 4. Nf3 Nd4 5. Bc4 d6 6. h3 e6 7. O-O a6 8. d3 b5
9. Bb3 Nxb3 10. axb3 Bb7 11. e5 dxe5 12. Nxe5 Bd6 13. Nf3 h6 14. Re1 Qc7 15.
Ne4 Be7 16. Bd2 b4 17. c3 Rd8 18. Qc2 Qd7 19. Re3 Nd5 20. Re2 O-O 21. d4 bxc3
22. bxc3 cxd4 23. Nxd4 Nb4 24. Qb1 e5 25. Nf3 Nd3 26. Ne1 Bxe4 27. Rxe4 Nxf2
28. Rxe5 Nxh3+ 29. gxh3 Qxd2 30. Qc2 Qf4 31. Rf5 Qg3+ 32. Qg2 Qxc3 33. Rb1 Rd2
34. Qf3 Bc5+ 35. Kh1 Qd4 36. Ng2 Rd3 37. Qh5 g6 38. Qxh6 gxf5 39. Rf1 Qf6 40.
Qh5 Qg6 41. Qh4 Qg3 42. Qxg3+ Rxg3 43. Kh2 Bd6 44. Rg1 f4 0-1

[Event "African Individual Championship"]
[Site "?"]
[Date "2005.11.14"]
[Round "9"]
[White "Mandizha, F (ZIM)."]
[Black "Chumfwa, S (ZAM)."]
[Result "0-1"]
[WhiteElo "2242"]
[BlackElo "2303"]
[PlyCount "64"]
[EventDate "2005.11.04"]
[SourceDate "2005.11.05"]

1. d4 Nf6 2. c4 e6 3. Nc3 Bb4 4. e3 O-O 5. Bd3 d5 6. Nf3 c5 7. O-O dxc4 8. Bxc4
Nbd7 9. a3 Ba5 10. Qe2 cxd4 11. exd4 Bxc3 12. bxc3 Qc7 13. a4 b6 14. Bd3 Bb7
15. c4 Rfe8 16. Re1 Rac8 17. a5 Qd6 18. Bb2 Qf4 19. Ne5 Qg5 20. g3 Nxe5 21.
dxe5 Nd7 22. Bc1 Qd8 23. axb6 Nc5 24. Bc2 Qxb6 25. Rb1 Qc6 26. Rxb7 Qxb7 27.
Bg5 g6 28. Qg4 Qb4 29. Rd1 Qc3 30. Qe2 Rc7 31. Kg2 Rec8 32. Bd2 Qxc2 0-1

[Event "African Individual Championship"]
[Site "?"]
[Date "2005.11.14"]
[Round "9"]
[White "Njobvu, I (BOT)."]
[Black "Domingos, C (ANG)."]
[Result "1/2-1/2"]
[WhiteElo "2220"]
[BlackElo "2240"]
[PlyCount "120"]
[EventDate "2005.11.04"]
[SourceDate "2005.11.05"]

1. d4 d5 2. c4 e6 3. cxd5 exd5 4. Nc3 c6 5. Qc2 Bd6 6. Nf3 Na6 7. Bg5 f6 8. Bh4
Ne7 9. e3 Bf5 10. Qd2 Nc7 11. Bd3 O-O 12. Bg3 Qd7 13. Na4 Ne6 14. Rc1 Bxd3 15.
Qxd3 Rfe8 16. O-O Bxg3 17. hxg3 Nc8 18. Nc5 Qe7 19. Rc2 Nd6 20. Rfc1 Qf7 21.
Nxe6 Rxe6 22. Nd2 Rae8 23. b4 Qh5 24. Nb3 Qh6 25. Nc5 R6e7 26. a4 a6 27. Qe2
Nf5 28. Qg4 Nd6 29. Qf4 Qxf4 30. gxf4 h5 31. g3 Kf7 32. Kg2 Kg6 33. Kf3 Rh8 34.
Rh1 Kf7 35. Rcc1 g6 36. a5 Ne4 37. Rh2 Nxc5 38. bxc5 f5 39. Rb1 Kf6 40. Ke2
Rhh7 41. Rg2 Rh8 42. Kd3 Rhe8 43. Re1 Rh7 44. f3 Ree7 45. Rh1 Rd7 46. Kd2 Rde7
47. Rh4 Rd7 48. Rgh2 Rhe7 49. Rg2 Rh7 50. Rh1 Rde7 51. Rgh2 Rhf7 52. Re2 Rf8
53. Kd3 Rfe8 54. Rhe1 Rd8 55. Rb2 Rdd7 56. Rb6 Rd8 57. Rb2 Rdd7 58. Rg2 Rh7 59.
Rh1 Rde7 60. Rhg1 Rd7 1/2-1/2

[Event "African Individual Championship"]
[Site "?"]
[Date "2005.11.14"]
[Round "9"]
[White "Simutowe, A (ZAM)."]
[Black "Adly, A (EGY)."]
[Result "0-1"]
[WhiteElo "2458"]
[BlackElo "2480"]
[PlyCount "102"]
[EventDate "2005.11.04"]
[SourceDate "2005.11.05"]

1. e4 c5 2. Nf3 d6 3. d4 Nf6 4. Nc3 cxd4 5. Nxd4 a6 6. f3 e5 7. Nb3 Be6 8. Be3
Nbd7 9. g4 Nb6 10. g5 Nfd7 11. Qd2 h6 12. O-O-O hxg5 13. Bxg5 Qc7 14. h4 Be7
15. Bxe7 Kxe7 16. f4 Nf6 17. Bh3 Bxb3 18. axb3 Rxh4 19. fxe5 dxe5 20. Qf2 Rah8
21. Bg2 Rxh1 22. Bxh1 Nbd7 23. Bg2 Qc6 24. Qg3 Qe6 25. Rd2 g6 26. b4 Kf8 27. b3
Kg7 28. Qd3 Qe7 29. Na2 Nb8 30. b5 axb5 31. Qxb5 Nc6 32. Kb2 Ra8 33. c3 Ra5 34.
Qb6 Ra6 35. Qb5 Qa3+ 36. Kb1 Nd7 37. b4 Qb3+ 38. Rb2 Qd1+ 39. Nc1 Ra3 40. Qd5
Qa4 41. Na2 Nb6 42. Qd3 Nd4 43. Bf3 Nb5 44. Kc1 Rxa2 45. Rxa2 Qxa2 46. Qxb5 Nc4
47. Qd7 Qb2+ 48. Kd1 Qxc3 49. Bg4 Ne3+ 50. Ke2 Nxg4 51. Qxg4 Qxb4 0-1

[Event "African Individual Championship"]
[Site "?"]
[Date "2005.11.14"]
[Round "9"]
[White "Ismail, H (EGY)."]
[Black "van den Heever, DO (RSA)."]
[Result "0-1"]
[WhiteElo "2353"]
[BlackElo "2132"]
[Annotator "vd,Gunther"]
[PlyCount "83"]
[EventDate "2005.11.04"]
[SourceDate "2005.11.05"]

1. e4 c6 2. d4 d5 3. Nc3 dxe4 4. Nxe4 Nd7 5. Bc4 Ngf6 6. Ng5 e6 7. Qe2 Nb6 8.
Bd3 h6 9. N5f3 c5 10. dxc5 Bxc5 11. Ne5 Nbd7 12. Ngf3 Bd6 13. O-O O-O 14. b3
Nc5 15. Rd1 Nxd3 16. Rxd3 Qe7 17. Nc4 Bc5 18. Nfe5 b5 19. Rg3 Kh8 20. Bb2 Rg8
21. Ne3 Bb7 22. Qxb5 Rac8 23. Qe2 Rcd8 24. Rd1 Rxd1+ 25. Qxd1 Kh7 26. N3g4 Ne4
27. Rf3 f5 28. Ne3 Rd8 29. Nd3 Ng5 30. Rf4 Bxe3 31. fxe3 e5 32. Rxf5 e4 33. h4
Nh3+ 34. gxh3 exd3 35. Bd4 Qe4 36. Qg4 Qh1+ 37. Kf2 Qh2+ 38. Ke1 Rxd4 39. exd4
Qxc2 40. Rf2 Qc1+ 41. Qd1 Qc3+ 42. Kf1 {Notation unclear} 0-1

[Event "African Individual Championship"]
[Site "?"]
[Date "2005.11.14"]
[Round "9"]
[White "Solomon, KT (RSA)."]
[Black "Mbambara, T (ZAM)."]
[Result "1-0"]
[WhiteElo "2353"]
[BlackElo "2090"]
[Annotator "vd,Gunther"]
[PlyCount "100"]
[EventDate "2005.11.04"]
[SourceDate "2005.11.05"]

1. d4 c6 2. c4 d6 3. Nf3 Nd7 4. Nc3 e5 5. e4 Ngf6 6. Be2 Be7 7. O-O O-O 8. Qc2
Re8 9. Rd1 Qc7 10. Bg5 Nf8 11. h3 h6 12. Be3 g5 13. Bf1 Ng6 14. g3 g4 15. Nh2
Kg7 16. h4 h5 17. Bg2 Rf8 18. Nf1 Ng8 19. Rac1 Bf6 20. Qd2 Qe7 21. Ne2 Kh7 22.
c5 exd4 23. Nxd4 dxc5 24. Nf5 Qe5 25. Bxc5 Rd8 26. Bd4 Qe8 27. Qc3 Bxd4 28.
Rxd4 Bxf5 29. exf5 Ne5 30. Rcd1 Rxd4 31. Qxd4 Qe7 32. Ne3 f6 33. Be4 Nh6 34.
Qd6 Re8 35. Kg2 Nhf7 36. Qxe7 Rxe7 37. Bc2 Nf3 38. Bb3 Kg7 39. Be6 N3e5 40. b4
Re8 41. Nc2 Rd8 42. Rxd8 Nxd8 43. Bb3 Nd3 44. Ne3 Nf7 45. Be6 Nd6 46. Nc2 Kf8
47. Kf1 Ke7 48. Ke2 b6 49. Ke3 c5 50. bxc5 bxc5 {Notation unclear} 1-0